Govt. of
Madhya Pradesh

Dialectics Of Agrarian Development (Record no. 8446)

MARC details
000 -LEADER
fixed length control field 003760000a22001570004500
003 - CONTROL NUMBER IDENTIFIER
control field MACL
040 ## - CATALOGING SOURCE
Original cataloging agency MACL
090 ## - LOCALLY ASSIGNED LC-TYPE CALL NUMBER (OCLC); LOCAL CALL NUMBER (RLIN)
-- 8500
-- 8499
100 ## - MAIN ENTRY--PERSONAL NAME
Personal name Sharma, Subhash
245 ## - TITLE STATEMENT
Title Dialectics Of Agrarian Development
Remainder of title A Sociological Study In North India
260 ## - PUBLICATION, DISTRIBUTION, ETC. (IMPRINT)
Name of publisher, distributor, etc. Yash Publications
Date of publication, distribution, etc. 2006
350 ## - PRICE (NR) (BK AM CF MU VM SE) [OBSOLETE]
Price 550
650 ## - SUBJECT ADDED ENTRY--TOPICAL TERM
Topical term or geographic name as entry element Sociology
942 ## - ADDED ENTRY ELEMENTS (KOHA)
Koha item type Library Membar
Call number prefix 300
951 ## - EQUIVALENCE OR CROSS-REFERENCE--GEOGRAPHIC NAME/AREA NAME [OBSOLETE] [CAN/MARC only]
-- 300 BOOK

No items available.